| 000 | 00717nam a2200205 a 4500 | ||
|---|---|---|---|
| 008 | 120416s1992 ||||||||||||||||| || u | ||
| 020 | _a0534926819 | ||
| 050 | _aHD 30.28 Sta | ||
| 100 | _aStahl, Michael J | ||
| 245 | 1 | 0 | _aStrategic management for decision making |
| 260 |
_aBoston, Mass. _bPWS-Kent Pub. Co _c1992 |
||
| 300 | _axv, 999p. : ill | ||
| 350 | _a0.00 | ||
| 500 | _aIncludes bibliographical references and indexes. | ||
| 650 | 0 | _aMANAGEMENT | |
| 650 | 0 | _aSTRATEGIC PLANNING | |
| 650 | 0 | _aDECISION MAKING | |
| 700 | _aGrigsby, David W | ||
| 995 |
_D0.00 _FCBU-MAIN LIBRARY (Kitwe) _H1 _I39.95 _M1 _UAVAILABLE _ZMain Library Open Access Collection |
||
| 999 |
_c58525 _d58525 |
||